00736nam a2200157 a 450000100100000000500170001000800410002702000180006804000250008610000270011124500940013826000510023230000360028350002250031950400340054400004026920201002034025.0130821s2013 xxuac 000 0 spa d a9781463710989 aDO-SdBNPbspacBNPHU1 aSloan Toraño, Randle10aLabradores y desbandados 1898 :bcrónicas del Caribe Colonial /cRandle Sloan Toraño. aEstados Unidos de América :b[s.n.].,c2013. a234 p. :bil., retrs. ;c24 cm. aCrónicas de un emigrante español en Puerto Rico, un cabo rayadillo de la última década del siglo XIX, dedicándose al cultivo del café a agricultura, su fe cristiana, el amor a la tierra y a su familia criolla aBibliografía : p. 225 - 233